Sequence and pattern in communicative behaviour

Saved in:
Bibliographic Details
Other Authors: Street, R. L. (Richard L.) (Editor), Cappella, Joseph N.
Format: Book
Language:English
Published: London ; Baltimore, USA : E. Arnold, 1985
Series:Social psychology of language ; ; 3
Subjects:
Tags: Add Tag
No Tags, Be the first to tag this record!

MARC

LEADER 00000nam a2200000 i 4500
001 1/85408
008 981020s1985 eng d
020 |a 0-7131-6418-2 
035 |l 10034692 
035 |a 1990  |b 3  |c Αφένδρας 
040 |a GR-MY-UA  |b gre  |e aacr 
041 0 |a eng 
082 0 |a 302.34  |2 (19) 
245 1 0 |a Sequence and pattern in communicative behaviour /  |c edited by R.L. Street, Jr. and J.N. Cappella 
260 |a London ; Baltimore, USA :   |b E. Arnold,   |c 1985 
300 |a xii, 287 p.;  |b ill.;  |c 24 cm 
490 1 |a Social psychology of language  |v ; 3 
504 |a Includes bibliographies and index 
650 0 0 |a Interpersonal communication. 
650 0 0 |a Interpersonal relations. 
650 0 0 |a Social exchange. 
700 1 |a Street, R. L.  |q (Richard L.)  |4 edt 
700 1 |a Cappella, Joseph N. 
830 0 |a Social psychology of language ;  |v ; 3 
852 |a INST  |b RHODES  |e 19981020  |h 302.34 SEQ  |p 005400008289  |q 005400008289  |t BK  |y 0 
909 |a Ρ  |b 018231  |c 1990